000 004630000a22001810004500
003 MACL
005 20160119143950.0
008 160119b xxu||||| |||| 00| 0 eng d
040 _aMACL
_cMACL
041 _aEnglish
082 _a004/NAI
100 _aNaik, Nitin K.
_924931
245 _aComputer Fundamentals & Office Automation
260 _bSankalp Prakashan
_c2000
_aIndore
350 _a100
650 _aComputer Science
_916
942 _cBK
_k004/Nai
_2ddc
999 _c31476
_d31476